[Event "Winnipeg Apr Sect-C"]
[Site "Winnipeg CAN"]
[Date "2007.04.22"]
[Round "4"]
[White "Booth, Kevin"]
[Black "Podmoroff, Yuri"]
[Result "0-1"]
[WhiteElo "1642"]
[BlackElo "1563"]
[PlyCount "110"]
[GameId "2160767910693095"]
[EventDate "2007.04.20"]
[EventType "tourn"]
[EventRounds "5"]
[EventCountry "CAN"]
[SourceTitle "EXT 2019"]
[Source "ChessBase"]
[SourceDate "2018.10.10"]
[SourceVersion "1"]
[SourceVersionDate "2018.10.10"]
[SourceQuality "1"]

1. d4 d5 2. c4 Nf6 3. Nc3 Bf5 4. Bf4 Nc6 5. e3 a6 6. Nf3 e6 7. Bd3 Bxd3 8. Qxd3 Nb4 9. Qe2 dxc4 10. O-O b5 11. a4 c6 12. Ne5 Be7 13. Qf3 Nfd5 14. Bg3 O-O 15. h3 Qc8 16. Rfd1 Bd6 17. Nxc4 Bxg3 18. Nd2 Bc7 19. Nde4 e5 20. Qh5 exd4 21. Rxd4 Nc2 22. Nxd5 Kh8 23. Ng5 h6 24. Nxf7+ Rxf7 25. Qxf7 cxd5 26. Rg4 Qf8 27. Qxf8+ Rxf8 28. Rc1 Nxe3 29. fxe3 Bb6 30. Re1 Re8 31. axb5 axb5 32. Rb4 Ba5 33. Rxb5 Bxe1 34. Rxd5 Rxe3 35. Rd1 Bg3 36. Kf1 Rb3 37. Rb1 Be5 38. Ke1 Rxb2 39. Rxb2 Bxb2 40. Kf2 Kh7 41. Kf3 Kg6 42. Kg4 Be5 43. Kf3 Kg5 44. Ke4 Kh4 45. Kxe5 Kg3 46. Kf5 Kxg2 47. Kg4 g6 48. h4 h5+ 49. Kf4 Kf2 50. Ke4 Kg3 51. Ke3 Kxh4 52. Kf2 Kg4 53. Kg2 g5 54. Kh2 Kf3 55. Kg1 Kg3 0-1

[Event "Winnipeg Apr Sect-C"]
[Site "Winnipeg CAN"]
[Date "2007.04.22"]
[Round "4"]
[White "Lipic, Stephen"]
[Black "Gannon, Keith"]
[Result "0-1"]
[WhiteElo "1616"]
[BlackElo "1624"]
[PlyCount "50"]
[GameId "2160767910693096"]
[EventDate "2007.04.20"]
[EventType "tourn"]
[EventRounds "5"]
[EventCountry "CAN"]
[SourceTitle "EXT 2019"]
[Source "ChessBase"]
[SourceDate "2018.10.10"]
[SourceVersion "1"]
[SourceVersionDate "2018.10.10"]
[SourceQuality "1"]

1. f4 e6 2. Nf3 c5 3. e3 Be7 4. Be2 d5 5. O-O Nf6 6. d3 O-O 7. b3 Nc6 8. c4 Re8 9. Bd2 a6 10. Be1 b5 11. Nbd2 Ng4 12. Bf2 Nxf2 13. Rxf2 Bf6 14. Rb1 b4 15. Kh1 a5 16. Qg1 a4 17. g4 Bc3 18. Nf1 axb3 19. axb3 Ra2 20. Rg2 Bb7 21. d4 cxd4 22. exd4 dxc4 23. Bxc4 Rxg2 24. Qxg2 Nxd4 25. Be2 Qa8 0-1

[Event "Winnipeg Apr Sect-C"]
[Site "Winnipeg CAN"]
[Date "2007.04.22"]
[Round "4"]
[White "Wasserman, Leor"]
[Black "Remillard, John"]
[Result "0-1"]
[WhiteElo "1560"]
[BlackElo "1620"]
[PlyCount "86"]
[GameId "2160767910693097"]
[EventDate "2007.04.20"]
[EventType "tourn"]
[EventRounds "5"]
[EventCountry "CAN"]
[SourceTitle "EXT 2019"]
[Source "ChessBase"]
[SourceDate "2018.10.10"]
[SourceVersion "1"]
[SourceVersionDate "2018.10.10"]
[SourceQuality "1"]

1. e4 e5 2. Nf3 d6 3. Bc4 Be7 4. O-O Be6 5. Bxe6 fxe6 6. d4 exd4 7. Nxd4 Qd7 8. Qg4 e5 9. Qxd7+ Kxd7 10. Ne2 Nf6 11. Nbc3 Nc6 12. a3 Nd4 13. Ng3 g6 14. Be3 Nxc2 15. Rad1 Nxe3 16. fxe3 Raf8 17. Rc1 c6 18. Rfd1 Ng4 19. Rd3 h5 20. h3 h4 21. Nf1 Nf6 22. Nd2 g5 23. Na4 b6 24. Nc3 Nh5 25. Rd1 Rf6 26. Nf3 Ke8 27. Nxg5 Rg8 28. Rf1 Rxf1+ 29. Kxf1 Rxg5 30. Na2 Ng3+ 31. Kf2 Nxe4+ 32. Kg1 Rg3 33. Nb4 Kd7 34. Rb3 d5 35. Nc2 Ng5 36. Ne1 Bc5 37. Nc2 Nxh3+ 38. Kh2 Nf4 39. Rc3 Nxg2 40. b4 Bxe3 41. Kh1 d4 42. Rb3 Nf4 43. b5 Rh3# 0-1

[Event "Winnipeg Apr Sect-C"]
[Site "Winnipeg CAN"]
[Date "2007.04.22"]
[Round "5"]
[White "Gannon, Keith"]
[Black "Wasserman, Leor"]
[Result "1-0"]
[WhiteElo "1624"]
[BlackElo "1560"]
[PlyCount "105"]
[GameId "2160767910693098"]
[EventDate "2007.04.20"]
[EventType "tourn"]
[EventRounds "5"]
[EventCountry "CAN"]
[SourceTitle "EXT 2019"]
[Source "ChessBase"]
[SourceDate "2018.10.10"]
[SourceVersion "1"]
[SourceVersionDate "2018.10.10"]
[SourceQuality "1"]

1. e4 e5 2. Nf3 Nc6 3. Bc4 d6 4. O-O Bg4 5. Be2 Nf6 6. Nc3 Be7 7. Re1 O-O 8. d3 Qd7 9. Be3 h6 10. Nd2 Bxe2 11. Qxe2 a6 12. Nf3 d5 13. exd5 Nxd5 14. Nxd5 Qxd5 15. a3 f5 16. Bd2 Bf6 17. c4 Qd6 18. Bc3 Rfe8 19. Rad1 Re7 20. b4 Nd4 21. Bxd4 exd4 22. Qa2 Rxe1+ 23. Rxe1 Kh8 24. c5 Qd7 25. h3 Re8 26. Rxe8+ Qxe8 27. Qd5 Qa4 28. Qxf5 Qxa3 29. Qc8+ Kh7 30. Qxb7 Qxd3 31. g3 Qb1+ 32. Kg2 d3 33. Qe4+ g6 34. Ne1 Bc3 35. Nxd3 Bxb4 36. Qe7+ Kg8 37. Qd8+ Kg7 38. Qxc7+ Kg8 39. Qc8+ Kg7 40. Qxa6 Qc2 41. c6 Bd6 42. h4 h5 43. Qb7+ Kh6 44. Qa6 Qe2 45. Qc4 Qe7 46. Qd5 Qc7 47. Nc5 Qc8 48. Nd7 Qc7 49. Nf6 Qc8 50. Qf7 Qh8 51. Ng8+ Qxg8 52. Qxg8 g5 53. hxg5# 1-0

[Event "Winnipeg Apr Sect-C"]
[Site "Winnipeg CAN"]
[Date "2007.04.22"]
[Round "5"]
[White "Lipic, Stephen"]
[Black "Podmoroff, Yuri"]
[Result "1/2-1/2"]
[WhiteElo "1616"]
[BlackElo "1563"]
[PlyCount "100"]
[GameId "2160767910693099"]
[EventDate "2007.04.20"]
[EventType "tourn"]
[EventRounds "5"]
[EventCountry "CAN"]
[SourceTitle "EXT 2019"]
[Source "ChessBase"]
[SourceDate "2018.10.10"]
[SourceVersion "1"]
[SourceVersionDate "2018.10.10"]
[SourceQuality "1"]

1. f4 Nf6 2. Nf3 Nc6 3. b3 d6 4. d3 Bf5 5. e4 Bg4 6. Be2 e5 7. O-O exf4 8. Bxf4 Be7 9. Qe1 Bxf3 10. Bxf3 Nd4 11. c3 Nc2 12. Qg3 g6 13. Nd2 Nxa1 14. Rxa1 h5 15. e5 h4 16. Qh3 dxe5 17. Bxe5 Qxd3 18. Bc6+ bxc6 19. Qxd3 Rd8 20. Qe3 Kf8 21. Nf3 Rh5 22. h3 Rd5 23. Qxa7 Bc5+ 24. Bd4 Bxa7 25. Bxa7 c5 26. b4 cxb4 27. cxb4 Ne4 28. a4 Rd7 29. b5 c6 30. b6 Rxa7 31. bxa7 Ra5 32. Ne5 Rxa7 33. Nxc6 Ra6 34. Nd4 Nc5 35. a5 Nb7 36. Nb3 Ke7 37. Kf2 Kd6 38. Kf3 g5 39. Ke4 Nc5+ 40. Nxc5 Kxc5 41. Kf5 f6 42. Ra3 Kd4 43. Rf3 Kd5 44. Kg6 Ke4 45. Rxf6 Rxa5 46. Rf3 Ra2 47. Rf5 Rxg2 48. Rxg5 Rg3 49. Kh5 Kf4 50. Kxh4 Rxg5 1/2-1/2

[Event "Winnipeg Apr Sect-C"]
[Site "Winnipeg CAN"]
[Date "2007.04.22"]
[Round "5"]
[White "Remillard, John"]
[Black "Booth, Kevin"]
[Result "0-1"]
[WhiteElo "1620"]
[BlackElo "1642"]
[PlyCount "62"]
[GameId "2160767910693100"]
[EventDate "2007.04.20"]
[EventType "tourn"]
[EventRounds "5"]
[EventCountry "CAN"]
[SourceTitle "EXT 2019"]
[Source "ChessBase"]
[SourceDate "2018.10.10"]
[SourceVersion "1"]
[SourceVersionDate "2018.10.10"]
[SourceQuality "1"]

1. c4 e5 2. Nc3 Nf6 3. g3 Bc5 4. Bg2 d6 5. Ne4 Nxe4 6. Bxe4 O-O 7. Qc2 h6 8. a3 Qf6 9. e3 Nc6 10. Ne2 Rd8 11. b4 Bb6 12. Bb2 a6 13. O-O Bh3 14. Bg2 Bxg2 15. Kxg2 Qe6 16. f4 Qg4 17. Rf2 exf4 18. Nxf4 Ne5 19. Raf1 Rf8 20. h3 Qd7 21. Nh5 f6 22. Nf4 Qc6+ 23. Kh2 Qxc4 24. Qf5 Qb5 25. Ne6 Rf7 26. Bxe5 Qxe5 27. Qg4 Re8 28. Rxf6 Ree7 29. Nxg7 Rxg7 30. Qc8+ Kh7 31. R6f5 Qxg3+ 0-1

[Event "Winnipeg Apr Sect-D"]
[Site "Winnipeg CAN"]
[Date "2007.04.20"]
[Round "1"]
[White "Liu, Weixi"]
[Black "Green, Aaron"]
[Result "1-0"]
[WhiteElo "1515"]
[BlackElo "1459"]
[PlyCount "67"]
[GameId "2160767910693103"]
[EventDate "2007.04.20"]
[EventType "tourn"]
[EventRounds "5"]
[EventCountry "CAN"]
[SourceTitle "EXT 2019"]
[Source "ChessBase"]
[SourceDate "2018.10.10"]
[SourceVersion "1"]
[SourceVersionDate "2018.10.10"]
[SourceQuality "1"]

1. d4 Nf6 2. c4 g6 3. Nc3 Bg7 4. e4 d6 5. f3 O-O 6. Be3 e5 7. d5 Nbd7 8. Bd3 a5 9. Qd2 Ne8 10. O-O-O f5 11. Nge2 f4 12. Bf2 g5 13. h4 h6 14. hxg5 hxg5 15. Rdg1 Ndf6 16. g3 Ng4 17. Be1 Ne3 18. gxf4 exf4 19. Bf2 Bd4 20. Nxd4 Qf6 21. Bxe3 fxe3 22. Qxe3 g4 23. Nf5 Bxf5 24. exf5 Ng7 25. Rh6 Rfe8 26. Qxe8+ Nxe8 27. Rxf6 Nxf6 28. fxg4 Re8 29. Kd2 Kf7 30. Nb5 Ne4+ 31. Bxe4 Rxe4 32. Kd3 Re7 33. g5 Re5 34. f6 1-0

[Event "Winnipeg Apr Sect-D"]
[Site "Winnipeg CAN"]
[Date "2007.04.21"]
[Round "2"]
[White "Goodman, Clifford"]
[Black "Liu, Weixi"]
[Result "0-1"]
[WhiteElo "1508"]
[BlackElo "1515"]
[PlyCount "61"]
[GameId "2160767910693105"]
[EventDate "2007.04.20"]
[EventType "tourn"]
[EventRounds "5"]
[EventCountry "CAN"]
[SourceTitle "EXT 2019"]
[Source "ChessBase"]
[SourceDate "2018.10.10"]
[SourceVersion "1"]
[SourceVersionDate "2018.10.10"]
[SourceQuality "1"]

1. e4 e6 2. d4 d5 3. exd5 exd5 4. Bd3 Bd6 5. Nf3 Ne7 6. O-O O-O 7. Re1 Bf5 8. Nc3 c6 9. Ne2 Bxd3 10. Qxd3 Ng6 11. Ng3 Bxg3 12. fxg3 Nd7 13. Bf4 Qb6 14. Kh1 Rfe8 15. Rxe8+ Rxe8 16. b3 h6 17. Re1 Rxe1+ 18. Nxe1 Nxf4 19. gxf4 Qa5 20. Qe2 Qxa2 21. Qe8+ Nf8 22. h3 Qa1 23. Qe7 Ne6 24. Qh4 Qxd4 25. Nd3 Qc3 26. Qe7 Qxc2 27. Qe8+ Nf8 28. Ne5 Qc1+ 29. Kh2 Qxf4+ 30. g3 Qf5 31. g4 0-1

[Event "Winnipeg Apr Sect-D"]
[Site "Winnipeg CAN"]
[Date "2007.04.21"]
[Round "3"]
[White "Letain, Cory"]
[Black "Green, Aaron"]
[Result "0-1"]
[WhiteElo "1422"]
[BlackElo "1459"]
[PlyCount "109"]
[GameId "2160767910693108"]
[EventDate "2007.04.20"]
[EventType "tourn"]
[EventRounds "5"]
[EventCountry "CAN"]
[SourceTitle "EXT 2019"]
[Source "ChessBase"]
[SourceDate "2018.10.10"]
[SourceVersion "1"]
[SourceVersionDate "2018.10.10"]
[SourceQuality "1"]

1. b4 e5 2. Bb2 d6 3. e3 Nc6 4. b5 Nb8 5. d4 exd4 6. Bxd4 c5 7. bxc6 bxc6 8. c4 Bf5 9. Bd3 Ne7 10. Nf3 Bg4 11. O-O c5 12. h3 Bh5 13. Bc3 Qb6 14. Nbd2 Nd7 15. Qa4 Qc6 16. Qxc6 Nxc6 17. Rab1 Kd8 18. Be4 Kc7 19. Ba5+ Nb6 20. Rfe1 Rb8 21. Bxb6+ Rxb6 22. Rxb6 axb6 23. g4 Bg6 24. Bxg6 hxg6 25. Kg2 Be7 26. e4 f6 27. a3 g5 28. Nb3 Ra8 29. Ra1 Ra4 30. Nfd2 Ne5 31. Kg3 Nxc4 32. Nxc4 Rxc4 33. f3 Kc6 34. a4 Rb4 35. a5 bxa5 36. Nxa5+ Kb6 37. Kf2 c4 38. Ke2 Kb5 39. Nb7 Ra4 40. Rd1 Kc6 41. Rb1 Ra2+ 42. Ke3 c3 43. Kd3 c2 44. Rc1 Kxb7 45. Rxc2 Rxc2 46. Kxc2 Kc6 47. Kd3 Kc5 48. Kc3 Bd8 49. Kd3 Ba5 50. Ke3 Kc4 51. f4 Bb6+ 52. Kf3 Kd3 53. f5 Bd4 54. Kg3 Kxe4 55. h4 0-1

[Event "Winnipeg Apr Sect-D"]
[Site "Winnipeg CAN"]
[Date "2007.04.22"]
[Round "4"]
[White "Goodman, Clifford"]
[Black "Letain, Cory"]
[Result "1-0"]
[WhiteElo "1508"]
[BlackElo "1422"]
[PlyCount "45"]
[GameId "2160767910693111"]
[EventDate "2007.04.20"]
[EventType "tourn"]
[EventRounds "5"]
[EventCountry "CAN"]
[SourceTitle "EXT 2019"]
[Source "ChessBase"]
[SourceDate "2018.10.10"]
[SourceVersion "1"]
[SourceVersionDate "2018.10.10"]
[SourceQuality "1"]

1. e4 Nh6 2. d4 g6 3. Be3 f6 4. c4 b6 5. f3 Nf7 6. Nc3 c6 7. d5 Na6 8. dxc6 dxc6 9. Qxd8+ Nxd8 10. O-O-O Nc7 11. g3 e6 12. Bh3 Bb4 13. Nge2 c5 14. a3 Bxc3 15. Nxc3 Nc6 16. Rd6 Ne5 17. Rhd1 Kf7 18. f4 Nxc4 19. Rc6 Na6 20. Bf2 Re8 21. Nb5 Re7 22. Bf1 Nb8 23. Rxc8 1-0

[Event "Winnipeg Apr Sect-D"]
[Site "Winnipeg CAN"]
[Date "2007.04.22"]
[Round "5"]
[White "Green, Aaron"]
[Black "Goodman, Clifford"]
[Result "1/2-1/2"]
[WhiteElo "1459"]
[BlackElo "1508"]
[PlyCount "83"]
[GameId "2160767910693114"]
[EventDate "2007.04.20"]
[EventType "tourn"]
[EventRounds "5"]
[EventCountry "CAN"]
[SourceTitle "EXT 2019"]
[Source "ChessBase"]
[SourceDate "2018.10.10"]
[SourceVersion "1"]
[SourceVersionDate "2018.10.10"]
[SourceQuality "1"]

1. e4 c5 2. Nf3 Nc6 3. d4 cxd4 4. Nxd4 Qb6 5. Nxc6 bxc6 6. b3 Qb4+ 7. Nd2 Qc3 8. Rb1 e5 9. Bb2 Qa5 10. a4 Bb4 11. Qc1 Bxd2+ 12. Qxd2 Qxd2+ 13. Kxd2 d6 14. Bd3 a5 15. Ba3 d5 16. Bb2 d4 17. Bc4 Ba6 18. Bxa6 Rxa6 19. Ba3 Nf6 20. f3 Nd7 21. Rhc1 c5 22. c3 Ra8 23. cxd4 cxd4 24. Rc7 Rd8 25. Rbc1 f6 26. Ra7 Kf7 27. Rxa5 Rc8 28. Rxc8 Rxc8 29. Ra7 Ke6 30. Ra6+ Kf7 31. Bb2 Rb8 32. Ra7 Ke6 33. Ra6+ Kf7 34. Ra7 Ke8 35. a5 Rxb3 36. Ra8+ Rb8 37. Rxb8+ Nxb8 38. Ba3 Kd7 39. Kd3 Nc6 40. a6 Kc7 41. Bc5 Kb8 42. g3 1/2-1/2

[Event "Winnipeg Apr Sect-D"]
[Site "Winnipeg CAN"]
[Date "2007.04.22"]
[Round "5"]
[White "Letain, Cory"]
[Black "Liu, Weixi"]
[Result "0-1"]
[WhiteElo "1422"]
[BlackElo "1515"]
[PlyCount "74"]
[GameId "2160767910693115"]
[EventDate "2007.04.20"]
[EventType "tourn"]
[EventRounds "5"]
[EventCountry "CAN"]
[SourceTitle "EXT 2019"]
[Source "ChessBase"]
[SourceDate "2018.10.10"]
[SourceVersion "1"]
[SourceVersionDate "2018.10.10"]
[SourceQuality "1"]

1. e4 e6 2. d4 d5 3. Nc3 Bb4 4. e5 c5 5. Bd2 cxd4 6. Nb5 Bf8 7. Bd3 Nc6 8. f4 a6 9. Na3 Nge7 10. Nf3 Ng6 11. Bxg6 hxg6 12. Nb1 Be7 13. O-O Qb6 14. b3 d3+ 15. Kh1 dxc2 16. Qxc2 Bd7 17. Ng5 Rc8 18. Qd3 Nb4 19. Bxb4 Qxb4 20. a4 Qc5 21. Nd2 Qc3 22. Qe2 Bb4 23. Ndf3 Qxb3 24. Nxf7 Kxf7 25. Ng5+ Ke7 26. Qg4 Rh6 27. Rf3 Qc2 28. Nh3 Ba5 29. Raf1 Bb6 30. Qg5+ Kf7 31. f5 gxf5 32. Nf4 Bd8 33. Qg3 Bh4 34. Qh3 Rch8 35. Nd3 Qd2 36. Rxf5+ exf5 37. Rxf5+ Ke8 0-1

[Event "Winnipeg February Sect-A"]
[Site "Winnipeg CAN"]
[Date "2007.02.09"]
[Round "1"]
[White "Babb, Jeff"]
[Black "Gentes, Kevin"]
[Result "1/2-1/2"]
[WhiteElo "2203"]
[BlackElo "2281"]
[PlyCount "46"]
[GameId "2160767910718417"]
[EventDate "2007.02.09"]
[EventType "tourn"]
[EventRounds "5"]
[EventCountry "CAN"]
[SourceTitle "EXT 2008"]
[Source "ChessBase"]
[SourceDate "2007.11.25"]
[SourceVersion "1"]
[SourceVersionDate "2007.11.25"]
[SourceQuality "1"]

1. c4 e6 2. Nf3 Nf6 3. g3 b6 4. Bg2 Bb7 5. O-O c5 6. b3 Be7 7. Bb2 O-O 8. e3 d5 9. d3 Nc6 10. Qe2 Qc7 11. Nc3 Rad8 12. Rfd1 a6 13. cxd5 exd5 14. d4 cxd4 15. Nxd4 Nxd4 16. Rxd4 Bc5 17. Rf4 d4 18. Bxb7 dxc3 19. Bxc3 Be7 20. Bxf6 Bxf6 21. Rxf6 gxf6 22. Qg4+ Kh8 23. Qf5 Qxb7 1/2-1/2

[Event "Winnipeg February Sect-A"]
[Site "Winnipeg CAN"]
[Date "2007.02.09"]
[Round "1"]
[White "Vincent, Trevor"]
[Black "Cleto, Sam"]
[Result "1-0"]
[WhiteElo "2178"]
[BlackElo "1910"]
[PlyCount "77"]
[GameId "2160767910718418"]
[EventDate "2007.02.09"]
[EventType "tourn"]
[EventRounds "5"]
[EventCountry "CAN"]
[SourceTitle "EXT 2008"]
[Source "ChessBase"]
[SourceDate "2007.11.25"]
[SourceVersion "1"]
[SourceVersionDate "2007.11.25"]
[SourceQuality "1"]

1. c4 Nf6 2. g3 g6 3. Bg2 Bg7 4. Nc3 c6 5. e4 d6 6. Nge2 Bg4 7. h3 Be6 8. d3 O-O 9. O-O Qc8 10. Kh2 Nh5 11. g4 Nf6 12. f4 Na6 13. f5 Bd7 14. Be3 Qc7 15. Qd2 Rad8 16. Ng3 b6 17. Rf2 Kh8 18. Raf1 Qb8 19. g5 Nh5 20. Nxh5 gxh5 21. f6 exf6 22. gxf6 d5+ 23. Bf4 Bh6 24. Bxb8 Bxd2 25. Bd6 Bxc3 26. bxc3 Rg8 27. Be7 Rc8 28. exd5 Nc5 29. d4 Na4 30. Rc1 Rg5 31. Bd6 cxd5 32. Bxd5 Kg8 33. Re1 Nxc3 34. Bxf7+ Kxf7 35. Re7+ Kg6 36. Rg7+ Kh6 37. Bf4 Ne4 38. h4 Nxf6 39. Rxg5 1-0

[Event "Winnipeg February Sect-A"]
[Site "Winnipeg CAN"]
[Date "2007.02.09"]
[Round "1"]
[White "Vlaovic, George"]
[Black "Khedkar, Jay S"]
[Result "1-0"]
[WhiteElo "2271"]
[BlackElo "1940"]
[PlyCount "109"]
[GameId "2160767910718419"]
[EventDate "2007.02.09"]
[EventType "tourn"]
[EventRounds "5"]
[EventCountry "CAN"]
[SourceTitle "EXT 2008"]
[Source "ChessBase"]
[SourceDate "2007.11.25"]
[SourceVersion "1"]
[SourceVersionDate "2007.11.25"]
[SourceQuality "1"]

1. e4 c5 2. Nf3 e6 3. d4 cxd4 4. Nxd4 Nf6 5. Nc3 d6 6. Be3 Nc6 7. Bc4 Nxe4 8. Nxe4 d5 9. Nxc6 bxc6 10. Ng5 Be7 11. h4 dxc4 12. Qh5 g6 13. Qf3 O-O 14. Rd1 Qa5+ 15. c3 Qb5 16. Bc1 Qe5+ 17. Kf1 f6 18. Re1 Qd5 19. Qxd5 cxd5 20. Nxe6 Bxe6 21. Rxe6 Kf7 22. Rc6 Rfc8 23. Rxc8 Rxc8 24. h5 g5 25. Ke2 Bc5 26. Rd1 Re8+ 27. Kf3 Re5 28. g4 Ke6 29. b4 Bb6 30. a4 a5 31. Be3 Bxe3 32. fxe3 axb4 33. cxb4 Kd6 34. Rd4 c3 35. Rd3 Re4 36. Rxc3 Rxb4 37. Ra3 Kc6 38. a5 Kb7 39. a6+ Ka7 40. Ra5 d4 41. exd4 Rxd4 42. Rc5 Rf4+ 43. Kg3 Kxa6 44. Rc7 Rb4 45. Rxh7 Rb3+ 46. Kf2 Rb4 47. Kf3 Rb3+ 48. Ke4 Rb4+ 49. Kf5 Rf4+ 50. Kg6 Rxg4 51. Rf7 Rf4 52. h6 Rh4 53. h7 g4 54. Rxf6+ Kb5 55. Kg7 1-0

[Event "Winnipeg February Sect-A"]
[Site "Winnipeg CAN"]
[Date "2007.02.10"]
[Round "2"]
[White "Cleto, Sam"]
[Black "Khedkar, Jay S"]
[Result "1-0"]
[WhiteElo "1910"]
[BlackElo "1940"]
[PlyCount "161"]
[GameId "2160767910718420"]
[EventDate "2007.02.09"]
[EventType "tourn"]
[EventRounds "5"]
[EventCountry "CAN"]
[SourceTitle "EXT 2008"]
[Source "ChessBase"]
[SourceDate "2007.11.25"]
[SourceVersion "1"]
[SourceVersionDate "2007.11.25"]
[SourceQuality "1"]

1. Nf3 Nf6 2. d4 d5 3. c4 e6 4. Nc3 Nbd7 5. Bf4 c6 6. e3 Bb4 7. Nd2 O-O 8. Bd3 dxc4 9. Nxc4 Nd5 10. Qc2 N7f6 11. Bg5 h6 12. Bh4 Be7 13. Rd1 Nb4 14. Qe2 Nxd3+ 15. Qxd3 Nh5 16. Bxe7 Qxe7 17. O-O Qh4 18. Ne5 Nf6 19. f3 Nd7 20. g3 Nxe5 21. dxe5 Qb4 22. Rf2 b6 23. Ne4 Qa5 24. Qc3 Qxc3 25. bxc3 Ba6 26. Rfd2 Rfc8 27. h4 Kf8 28. Kf2 Rc7 29. g4 Ke7 30. g5 hxg5 31. hxg5 Rh8 32. Kg3 Bb5 33. Rd6 Ba4 34. R1d2 c5 35. c4 Bc6 36. Nf2 Rd7 37. e4 Rhd8 38. Rxd7+ Rxd7 39. Rxd7+ Bxd7 40. Kf4 Ba4 41. Ke3 a6 42. Nd3 Kd7 43. f4 Kc6 44. f5 Kd7 45. Kd2 Bc6 46. Ke3 Ke7 47. Nf4 Bd7 48. f6+ Kf8 49. Nh5 g6 50. Nf4 Ke8 51. Kd3 Bc6 52. Nh3 b5 53. Nf2 Kd7 54. Kc3 b4+ 55. Kb3 Kc7 56. Nd3 Kb6 57. Nf4 Be8 58. Nh3 a5 59. Nf2 a4+ 60. Kb2 Bc6 61. Ng4 Ka5 62. Nh6 a3+ 63. Ka1 Be8 64. Ng8 Ka4 65. Ne7 b3 66. axb3+ Kxb3 67. Nc8 Kxc4 68. Nd6+ Kd3 69. Nxe8 c4 70. Nd6 c3 71. Nb7 c2 72. Nc5+ Kd2 73. Nb3+ Kd1 74. Ka2 c1=Q 75. Nxc1 Kxc1 76. Kxa3 Kd2 77. Kb4 Kd3 78. Kc5 Kxe4 79. Kd6 Kf5 80. Ke7 Kxe5 81. Kxf7 1-0

[Event "Winnipeg February Sect-A"]
[Site "Winnipeg CAN"]
[Date "2007.02.10"]
[Round "2"]
[White "Gentes, Kevin"]
[Black "Vlaovic, George"]
[Result "1-0"]
[WhiteElo "2281"]
[BlackElo "2271"]
[PlyCount "129"]
[GameId "2160767910718421"]
[EventDate "2007.02.09"]
[EventType "tourn"]
[EventRounds "5"]
[EventCountry "CAN"]
[SourceTitle "EXT 2008"]
[Source "ChessBase"]
[SourceDate "2007.11.25"]
[SourceVersion "1"]
[SourceVersionDate "2007.11.25"]
[SourceQuality "1"]

1. c4 c5 2. g3 Nf6 3. Bg2 e6 4. Nf3 Be7 5. O-O O-O 6. b3 Qc7 7. Bb2 b6 8. Nc3 Bb7 9. d4 cxd4 10. Nb5 Qc8 11. Qxd4 Ne8 12. Rfd1 d6 13. Rac1 a6 14. Nc3 Nd7 15. Qe3 h6 16. Nd4 Bxg2 17. Kxg2 Qb7+ 18. Qf3 Qxf3+ 19. Kxf3 Rc8 20. Na4 Bg5 21. e3 Bd8 22. Ke2 Nc5 23. Nc3 Nf6 24. f4 Be7 25. Kf3 Rfd8 26. e4 Bf8 27. Rc2 g6 28. Rcd2 Bg7 29. Nde2 Ne8 30. e5 Nb7 31. Ne4 dxe5 32. fxe5 Rxd2 33. Rxd2 Nd8 34. Nd6 Nxd6 35. Rxd6 Nc6 36. Ke4 b5 37. cxb5 axb5 38. a3 Bf8 39. Rd3 b4 40. a4 Ne7 41. Nd4 Rc5 42. Rd2 Bg7 43. Nf3 Nc6 44. Bd4 Rd5 45. Rd3 g5 46. g4 Kf8 47. Bb2 Rc5 48. Bd4 Rc1 49. Be3 Rc2 50. Rd2 Rc3 51. Rd3 Rxd3 52. Kxd3 Nxe5+ 53. Nxe5 Bxe5 54. a5 Bxh2 55. a6 Bb8 56. a7 Bxa7 57. Bxa7 f5 58. gxf5 exf5 59. Bc5+ Ke8 60. Bxb4 Kd7 61. Kd4 f4 62. Bf8 h5 63. Bh6 g4 64. Bxf4 h4 65. b4 1-0

[Event "Winnipeg February Sect-A"]
[Site "Winnipeg CAN"]
[Date "2007.02.10"]
[Round "2"]
[White "Vincent, Trevor"]
[Black "Babb, Jeff"]
[Result "1/2-1/2"]
[WhiteElo "2178"]
[BlackElo "2203"]
[PlyCount "77"]
[GameId "2160767910718422"]
[EventDate "2007.02.09"]
[EventType "tourn"]
[EventRounds "5"]
[EventCountry "CAN"]
[SourceTitle "EXT 2008"]
[Source "ChessBase"]
[SourceDate "2007.11.25"]
[SourceVersion "1"]
[SourceVersionDate "2007.11.25"]
[SourceQuality "1"]

1. c4 e5 2. g3 Nc6 3. Bg2 g6 4. Nc3 Bg7 5. e4 d6 6. Nge2 Nge7 7. O-O O-O 8. d3 Bd7 9. Be3 Rb8 10. d4 exd4 11. Nxd4 Ne5 12. b3 Ng4 13. Bc1 c5 14. Nde2 b5 15. h3 b4 16. hxg4 bxc3 17. Bf4 Bxg4 18. f3 c2 19. Qxc2 Bxa1 20. Rxa1 Be6 21. Rd1 Nc8 22. e5 g5 23. Be3 Qb6 24. exd6 h6 25. Nc3 Nxd6 26. Na4 Qc7 27. Nxc5 Nf5 28. Bf2 Rbd8 29. Re1 Bc8 30. Ne4 f6 31. Qb2 Kg7 32. Bf1 Rf7 33. b4 Nd6 34. Nc5 Nf5 35. Ne4 Bb7 36. Nc5 Bc8 37. Ne4 Qe5 38. Nc3 Qb8 39. Ne4 1/2-1/2

[Event "Winnipeg February Sect-A"]
[Site "Winnipeg CAN"]
[Date "2007.02.10"]
[Round "3"]
[White "Babb, Jeff"]
[Black "Cleto, Sam"]
[Result "1-0"]
[WhiteElo "2203"]
[BlackElo "1910"]
[PlyCount "77"]
[GameId "2160767910718423"]
[EventDate "2007.02.09"]
[EventType "tourn"]
[EventRounds "5"]
[EventCountry "CAN"]
[SourceTitle "EXT 2008"]
[Source "ChessBase"]
[SourceDate "2007.11.25"]
[SourceVersion "1"]
[SourceVersionDate "2007.11.25"]
[SourceQuality "1"]

1. Nf3 Nf6 2. b3 d5 3. e3 c5 4. Bb2 e6 5. Ne5 Nc6 6. Bb5 Bd7 7. Bxc6 Bxc6 8. Nxc6 bxc6 9. O-O d4 10. Qf3 Qd5 11. Qxd5 Nxd5 12. exd4 Nb4 13. Rc1 cxd4 14. a3 Nd5 15. Bxd4 O-O-O 16. Be3 Kb7 17. Rd1 Be7 18. Bd4 Nf4 19. Bb2 h5 20. Kf1 h4 21. Nc3 Rh6 22. Ne2 g5 23. d3 e5 24. Re1 Bd6 25. h3 f5 26. Nxf4 exf4 27. Be5 g4 28. Bxd6 Rhxd6 29. Re7+ R8d7 30. Rae1 Kc7 31. Rxd7+ Kxd7 32. Re5 Rf6 33. hxg4 fxg4 34. Rh5 g3 35. Rxh4 Rg6 36. Ke2 Re6+ 37. Kf3 Re1 38. Rxf4 gxf2 39. Kxf2 1-0

[Event "Winnipeg February Sect-A"]
[Site "Winnipeg CAN"]
[Date "2007.02.10"]
[Round "3"]
[White "Khedkar, Jay S"]
[Black "Gentes, Kevin"]
[Result "0-1"]
[WhiteElo "1940"]
[BlackElo "2281"]
[PlyCount "32"]
[GameId "2160767910718424"]
[EventDate "2007.02.09"]
[EventType "tourn"]
[EventRounds "5"]
[EventCountry "CAN"]
[SourceTitle "EXT 2008"]
[Source "ChessBase"]
[SourceDate "2007.11.25"]
[SourceVersion "1"]
[SourceVersionDate "2007.11.25"]
[SourceQuality "1"]

1. e4 c5 2. Nf3 d6 3. d4 cxd4 4. Nxd4 Nf6 5. Nc3 a6 6. Bc4 e6 7. Bb3 b5 8. O-O Be7 9. f4 O-O 10. e5 dxe5 11. fxe5 Bc5 12. Be3 Bxd4 13. Bxd4 Nfd7 14. Qf3 Qc7 15. Qxa8 Bb7 16. Nxb5 Qc6 0-1